Top 10 countries nearest to Indonesia-suden death - Statistics

General Stats
  • This quiz has been taken 28 times
  • The average score is 8 of 12
Answers on the Grid
Answers color-coded by a green-red scale on the quiz's grid according to % correct below.
Timor leste
Phillipines
Papua new guinea
Malaysia
Brunei
Singapore
Phillipines
Autralia
India
Palau
Thailand
Vietnam
Federal states of micronesia
China
Japan
Laos
Cambodia
Sollomon islands
new zealand
sri lanka
bangladesh
maldives
madagacar
Taiwan
South korea
Nauru
Fiji
United States of amrica
Samoa
Nepal
 
Answer Stats
Answer % Correct
Malaysia
89%
Papua new guinea
84%
Singapore
84%
Timor leste
84%
Brunei
79%
Phillipines
74%
Phillipines
74%
Thailand
58%
Autralia
53%
India
37%
Vietnam
37%
Palau
32%
No matching quizzes found
Score Distribution
Percent of People with Each Score
Percentile by Number Answered
Your Score History
You have not taken this quiz